Biomass production and rubber yield with reference to exploitation in Hevea brasiliensis (Record no. 50559)

MARC details
000 -LEADER
fixed length control field 00594nam a2200157Ia 4500
100 ## - MAIN ENTRY--AUTHOR NAME
Personal name George M.J.
245 #0 - TITLE STATEMENT
Title Biomass production and rubber yield with reference to exploitation in Hevea brasiliensis
260 ## - PUBLICATION, DISTRIBUTION, ETC. (IMPRINT)
Name of publisher Proceedings of the International Rubber Conference, 17-19 September 1984, Rubber Research Institute of Sri Lanka, Colombo, Sri Lanka, V 1; Pt.1, pp. 149-156.
Year of publication 1984
650 ## - SUBJECT ADDED ENTRY--TOPICAL TERM
Topical Term Biomass
650 ## - SUBJECT ADDED ENTRY--TOPICAL TERM
Topical Term Exploitation system
700 ## - ADDED ENTRY--PERSONAL NAME
Personal name Raghavendra A.S.
700 ## - ADDED ENTRY--PERSONAL NAME
Personal name Satheesan K.V.
700 ## - ADDED ENTRY--PERSONAL NAME
Personal name Sethuraj M.R.
942 ## - ADDED ENTRY ELEMENTS (KOHA)
Koha item type Bibliography STAF
Holdings
Withdrawn status Lost status Damaged status Not for loan Home library Current library Shelving location Date acquired Koha item type
      Bibliography RRII Library RRII Library Physiology 09/04/2014 Bibliography STAF